[Event "Dindigul Cities-ch"]
[Site "Dindigul"]
[Date "2014.06.18"]
[Round "5.1"]
[White "Vinoth, M."]
[Black "Rathanvel, VS."]
[Result "0-1"]
[WhiteElo "1619"]
[BlackElo "2015"]
[PlyCount "92"]
[EventDate "2014.06.16"]
[EventType "team-swiss"]
[EventRounds "7"]
[EventCountry "IND"]
[SourceTitle "CBM 161 Extra"]
[Source "ChessBase"]
[SourceDate "2014.08.29"]
[SourceVersion "1"]
[SourceVersionDate "2014.08.29"]
[SourceQuality "1"]
[WhiteTeam "Thanjavur"]
[BlackTeam "Coimbatore"]
[WhiteTeamCountry "IND"]
[BlackTeamCountry "IND"]

1. d4 Nf6 2. g3 g6 3. Bg2 Bg7 4. Nf3 0-0 5. 0-0 d6 6. c4 Nbd7 7. Nc3 h6 8. Bd2 e5 9. dxe5 Nxe5 10. Nxe5 dxe5 11. Qc2 c6 12. Rad1 Qc7 13. Be3 Be6 14. b3 b6 15. h3 Rac8 16. Qc1 Kh7 17. Rd2 Ne8 18. Kh2 f5 19. f4 e4 20. Qc2 Nf6 21. Rfd1 Rfd8 22. Rxd8 Rxd8 23. Rd2 Rxd2 24. Qxd2 Qd7 25. Qxd7 Nxd7 26. Nd1 a5 27. Bd2 a4 28. Bc3 axb3 29. axb3 Nc5 30. Bxg7 Kxg7 31. b4 Na6 32. b5 cxb5 33. cxb5 Nc7 34. Nc3 Bc4 35. Na4 Nd5 36. g4 Bxb5 37. Nb2 Nxf4 38. e3 Nd5 39. gxf5 gxf5 40. Kg3 Nxe3 41. Bh1 Kf6 42. Bxe4 fxe4 43. Kf4 Nc4 44. Nd1 Bc6 45. h4 b5 46. h5 b4 0-1